| 000 | 01299nam a2200289Ia 4500 | ||
|---|---|---|---|
| 999 |
_c51347 _d51347 |
||
| 001 | 18327 | ||
| 003 | GE_BSU | ||
| 005 | 20250530105352.0 | ||
| 008 | 181216s2015||||ge |||||||||||||| ||geo|| | ||
| 020 | _a9789941082177 | ||
| 040 | _cGE_BSU | ||
| 041 | _ageo | ||
| 080 | _a159.964.2 ფ-95 | ||
| 100 |
_aფროიდი, ზიგმუნდ _911892 |
||
| 245 |
_aტოტემი და ტაბუ / _cზიგმუნდ ფროიდი ; მთარგმნელები: ნინა თურმანიძე, ლაშა ბულია ; რედაქტორი თამაზ თურმანიძე. |
||
| 264 |
_aთბილისი ; _b გეო, _c2015. |
||
| 300 |
_a206 გვ.; _b20 სმ. |
||
| 541 | _h7ლ.20თ. | ||
| 653 | _aტოტემი და ტაბუ | ||
| 653 | _aფსიქოლოგია | ||
| 653 | _aფსიქოანალიზი | ||
| 653 | _aკულტურული ურთიერთობები | ||
| 700 |
_aთურმანიძე, ნინა _eმთარგმნელი _916237 |
||
| 700 |
_aბულია, ლაშა _eმთარგმნელი _911893 |
||
| 700 |
_aთურმანიძე, თამაზ _eრედაქტორი _911865 |
||
| 942 |
_cBK _2udc |
||